Guess the Amy Winehouse song by the Lyrics - Statistics

General Stats
  • This quiz has been taken 85 times
  • The average score is 7 of 15
Answer Stats
Hint Answer % Correct
"though I battle blind / love is a fate resigned /memories mar my mind / love is a fate resigned" love is a losing game
76%
"are you shopping anywhere? / change the color of your hair? /and are you busy? / did you have to pay that fine / that you've been dodging all the time? / are you still dizzy? valerie
76%
"i wish i could say no regrets / no emotional debts / cause as we kiss goodbye, the sun sets / so we are history / the shadow covers me / the sky above a blaze only lovers see" tears dry on their own
72%
"you always wanna talk it through / i don't care / i always haveto comfort you / when i'm there / but that's what i need you to do / stroke my hair" stronger than me
68%
"no, you ain't worth guest list / plus one all of them girls youkiss / you cant keep lying to yourself like this / cant believe you played yourself / like this" me & mr jones
49%
"now how can he have her heart / when it got stole? / so he triesto pacify her / cause what's inside her never dies" he can only hold her
46%
"this face in my dreams seizes my guts / he floods me with dread / soaked in soul, he swims in my eyes by the bed / pour myself over him / moon spilling in" wake up alone
40%
"mister false pretense, you don't make sense /i just don't know you / but you make me cry / where's my kiss goodbye? / i think i love you" take the box
39%
"once is enough / to make me attack / so bring me a bag /and your man can come back / i'll check him at the door / make sure he got green / i'm tighter than airport security teams" addicted
38%
"he can't lose with me in tow / i refuse to let him go /at his side and drunk on pride / while we wait for the blow." some unholy war
36%
"and no, i'm not ashamed / but the guilt will kill you / if she don'tfirst / i'll never love you like her / though we need to find the time / to just do this sh*t together / for it gets worse" just friends
31%
"i'm nurturing / i just wanna do my thing / and i take the wrongman as naturally as i sing" what is it about men
31%
"with dread i woke in my bed / to shooting pains in my head / lovebird, my beautiful bird / spoken til one day she couldn't be heard / she just stopped singing." october song
29%
"you got a degree in philosophy / so you think you're cleverer than me / but i'm not just some drama queen / cause its where you're at, not where you've been" help yourself
19%
"baby, wont you come and put our two hearts together / thatwould make me strong and brave / oh, when we are one, i'm not afraid / i'm not afraid" moody's mood for love
10%
No matching quizzes found
Score Distribution
Percent of People with Each Score
Percentile by Number Answered
Your Score History
You have not taken this quiz